Concept of Modern Physics (Record no. 544449)
[ view plain ]
| 000 -LEADER | |
|---|---|
| fixed length control field | 00354nam a22001457a 4500 |
| 082 ## - DEWEY DECIMAL CLASSIFICATION NUMBER | |
| Classification number | 539 |
| Author Mark | BEI |
| 100 ## - MAIN ENTRY--PERSONAL NAME | |
| Personal name | Beiser A |
| 9 (RLIN) | 40035 |
| 245 ## - TITLE STATEMENT | |
| Title | Concept of Modern Physics |
| Statement of responsibility, etc. | Basier A |
| 250 ## - EDITION STATEMENT | |
| Edition statement | 6th |
| 260 ## - PUBLICATION, DISTRIBUTION, ETC. | |
| Place of publication, distribution, etc. | Islamabad |
| 300 ## - PHYSICAL DESCRIPTION | |
| Extent | xiii, 542, p. : |
| Other physical details | ill, |
| Dimensions | 35cm |
| 526 ## - STUDY PROGRAM INFORMATION NOTE | |
| Program name | 0 |
| Interest level | 0 |
| Reading level | 0 |
| Title point value | 539_000000000000000_BEI |
| 650 ## - SUBJECT ADDED ENTRY--TOPICAL TERM | |
| Topical term or geographic name entry element | MCE |
| 9 (RLIN) | 379 |
| 942 ## - ADDED ENTRY ELEMENTS (KOHA) | |
| Source of classification or shelving scheme | |
| Koha item type | Book |
| Withdrawn status | Lost status | Source of classification or shelving scheme | Damaged status | Not for loan | Permanent Location | Current Location | Date acquired | Total Checkouts | Full call number | Barcode | Date last seen | Price effective from | Koha item type |
|---|---|---|---|---|---|---|---|---|---|---|---|---|---|
| Military College of Engineering (MCE) | Military College of Engineering (MCE) | 04/18/2014 | 539 BEI | MCE-38172 | 04/18/2014 | 04/18/2014 | Book |
